Digital and analog communication systems / (Record no. 10303)

MARC details
000 -LEADER
fixed length control field 01140cam a22003254a 4500
090 ## - LOCALLY ASSIGNED LC-TYPE CALL NUMBER (OCLC); LOCAL CALL NUMBER (OCLC)
-- 10303
001 - CONTROL NUMBER
control field 14410415
005 - DATE AND TIME OF LATEST TRANSACTION
control field 20201128013446.0
008 - FIXED-LENGTH DATA ELEMENTS--GENERAL INFORMATION
fixed length control field 060612s2007 njua b 001 0 eng
010 ## - LIBRARY OF CONGRESS CONTROL NUMBER
LC control number 2006048552
020 ## - INTERNATIONAL STANDARD BOOK NUMBER
International Standard Book Number 0131424920
020 ## - INTERNATIONAL STANDARD BOOK NUMBER
International Standard Book Number 9780131424920
035 ## - SYSTEM CONTROL NUMBER
System control number (OCoLC)ocm70158580
035 ## - SYSTEM CONTROL NUMBER
System control number (OCoLC)70158580
040 ## - CATALOGING SOURCE
Original cataloging agency DLC
Transcribing agency DLC
Modifying agency BAKER
-- C#P
-- YDXCP
-- OCLCQ
-- IXA
-- DLC
042 ## - AUTHENTICATION CODE
Authentication code pcc
050 00 - LIBRARY OF CONGRESS CALL NUMBER
Classification number TK5101
Item number .C69 2007
082 00 - DEWEY DECIMAL CLASSIFICATION NUMBER
Classification number 621.382
Edition number 22
Item number COU
100 1# - MAIN ENTRY--PERSONAL NAME
Personal name Couch, Leon W.
9 (RLIN) 1258
245 10 - TITLE STATEMENT
Title Digital and analog communication systems /
Statement of responsibility, etc Leon W. Couch II.
250 ## - EDITION STATEMENT
Edition statement 7th ed.
260 ## - PUBLICATION, DISTRIBUTION, ETC. (IMPRINT)
Place of publication, distribution, etc Upper Saddle River, N.J. :
Name of publisher, distributor, etc Pearson/Prentice Hall,
Date of publication, distribution, etc c2007.
300 ## - PHYSICAL DESCRIPTION
Extent xxvii, 751 p. :
Other physical details ill. ;
Dimensions 25 cm.
504 ## - BIBLIOGRAPHY, ETC. NOTE
Bibliography, etc Includes bibliographical references (p. 710-722) and index.
650 #0 - SUBJECT ADDED ENTRY--TOPICAL TERM
Topical term or geographic name as entry element Telecommunication systems.
9 (RLIN) 1259
650 #0 - SUBJECT ADDED ENTRY--TOPICAL TERM
Topical term or geographic name as entry element Digital communications.
9 (RLIN) 1260
906 ## - LOCAL DATA ELEMENT F, LDF (RLIN)
a 7
b cbc
c orignew
d 1
e ocip
f 20
g y-gencatlg
942 ## - ADDED ENTRY ELEMENTS (KOHA)
Source of classification or shelving scheme Dewey Decimal Classification
Item type Book - Borrowing
Holdings
Withdrawn status Item status Source of classification or shelving scheme Damaged status Not for loan Home library Current library Shelving location Date acquired Source of acquisition Total Checkouts Total Renewals Full call number Barcode Date last seen Date last borrowed Koha item type Vendor
    Dewey Decimal Classification     Central Library Central Library First floor 18/11/2008 Purchase 19 62 621.382 COU 000014245 15/07/2025 18/01/2018 Book - Borrowing  
  Lost and Paid For Dewey Decimal Classification     Central Library Central Library First floor 18/11/2008 Purchase 14 126 621.382 COU 000014246 08/10/2013 08/10/2013 Book - Borrowing  
    Dewey Decimal Classification     Central Library Central Library First floor 18/11/2008       621.382 COU 000014247 15/07/2025   NB - Book (Non borrowing) Baccah